[Event "First Saturday 2008 augusztus IM-A"]
[Site "Budapest"]
[Date "2008.08.12"]
[Round "11"]
[White "Lorand, Norbert"]
[Black "Szalanczy, Emil"]
[Result "1/2-1/2"]
[WhiteElo "2273"]
[BlackElo "2388"]
[PlyCount "53"]
[EventDate "2008.08.02"]

1. e4 c5 2. Nf3 d6 3. d4 cxd4 4. Nxd4 Nf6 5. Nc3 g6 6. Be3 Bg7 7. f3 Nc6 8. Qd2
O-O 9. O-O-O d5 10. exd5 Nxd5 11. Nxc6 bxc6 12. Bd4 e5 13. Bc5 Be6 14. Ne4 Rb8
15. Bc4 f5 16. Ng5 e4 17. c3 Bh6 18. Nxe6 Bxd2+ 19. Rxd2 Qf6 20. Nxf8 Rxf8 21.
fxe4 fxe4 22. Bxf8 e3 23. Re2 Kxf8 24. Bxd5 cxd5 25. Rxe3 Qf4 26. Rhe1 Qxh2 27.
R1e2 1/2-1/2

[Event "First Saturday 2008 augusztus IM-A"]
[Site "Budapest"]
[Date "2008.08.12"]
[Round "11"]
[White "Adams, Nick A"]
[Black "Strunski, Andreas"]
[Result "1/2-1/2"]
[WhiteElo "2222"]
[BlackElo "2294"]
[PlyCount "54"]
[EventDate "2008.08.02"]

1. c4 Nf6 2. Nc3 g6 3. g3 Bg7 4. Bg2 O-O 5. b4 c6 6. e4 d5 7. exd5 cxd5 8. cxd5
Na6 9. Qb3 Nc7 10. d4 e6 11. d6 Qxd6 12. Bf4 Qe7 13. Be5 Ncd5 14. Nxd5 Nxd5 15.
Bxg7 Kxg7 16. Rb1 Bd7 17. a4 a5 18. b5 Qb4+ 19. Qxb4 axb4 20. Bxd5 exd5 21.
Rxb4 Rac8 22. Kd2 Bf5 23. g4 Bxg4 24. Ne2 Bxe2 25. Kxe2 Rc2+ 26. Kf3 b6 27. Ra1
Rd8 1/2-1/2

[Event "First Saturday 2008 augusztus IM-A"]
[Site "Budapest"]
[Date "2008.08.12"]
[Round "11"]
[White "Beck, Frederik"]
[Black "Szeberenyi, Adam"]
[Result "1-0"]
[WhiteElo "2335"]
[BlackElo "2318"]
[PlyCount "72"]
[EventDate "2008.08.02"]

1. e4 c5 2. Nf3 d6 3. d4 cxd4 4. Qxd4 a6 5. c4 Nc6 6. Qe3 Nf6 7. h3 g6 8. Be2
Bg7 9. O-O O-O 10. Nc3 Bd7 11. Rd1 Rc8 12. Rb1 Qc7 13. b4 b5 14. cxb5 axb5 15.
Nxb5 Qb7 16. Bb2 Ne5 17. Nxe5 Bxb5 18. Bxb5 Qxb5 19. Nf3 Qa4 20. a3 Qa8 21. e5
dxe5 22. Bxe5 Rc2 23. b5 Ne4 24. b6 Qb7 25. Bxg7 Kxg7 26. Re1 Nxf2 27. Nd4 Ra2
28. Qb3 Rd2 29. Nf5+ gxf5 30. Qc3+ e5 31. Qxd2 Ne4 32. Qe3 Rd8 33. Qf3 Rd2 34.
Rf1 f4 35. Qg4+ Kf6 36. Qf3 Qd5 {Time} 1-0

[Event "First Saturday 2008 augusztus IM-A"]
[Site "Budapest"]
[Date "2008.08.12"]
[Round "11"]
[White "Hujbert, Florian"]
[Black "Humphrey, Jonathan"]
[Result "1/2-1/2"]
[WhiteElo "2258"]
[BlackElo "2289"]
[PlyCount "56"]
[EventDate "2008.08.02"]

1. d4 Nf6 2. c4 e6 3. Nc3 Bb4 4. a3 Bxc3+ 5. bxc3 c5 6. f3 d5 7. cxd5 Nxd5 8.
dxc5 Qa5 9. e4 Ne7 10. Be3 O-O 11. Qb3 Nec6 12. a4 Rd8 13. Kf2 Nd7 14. Rd1 Nxc5
15. Rxd8+ Nxd8 16. Qb5 Qxb5 17. axb5 b6 18. Nh3 e5 19. Bxc5 bxc5 20. Bc4 Be6
21. Bxe6 Nxe6 22. Ra1 Rb8 23. c4 Rb7 24. Ke3 f6 25. Nf2 Kf7 26. Nd3 Ke7 27. g3
Nf8 28. Ra6 Nd7 1/2-1/2